Представление документа в формате RUSMARC

ПолеНазваниеЗначение
  Тип записи a
  Библиографический уровень a
001 Контрольный номер UONB/MAIN/c71dd8f485c146aab483e07499d38f54
005 Дата корректировки 20260403104250.1
100 Данные общей обработки __
a Данные общей обработки 20260331 ||| 0rusy0189 ca
101 Язык документа 0_
a Язык текста rus
102 Страна публикации __
a Страна публикации RU
200 Заглавие и сведения об ответственности 1_
a Заглавие Сознание. Воспитание, просвещение, образование
f Первые сведения об ответственности Т. В. Цветкова
d Параллельное заглавие Consciousness. Upbringing, enlightenment, education
z Язык параллельного заглавия eng
203 Вид содержания и тип средства __
a Вид содержания Текст
c Тип средства непосредственный
215 Физическое описание __
c Иллюстрации/тип воспроизводства ил.
225 Серия 1_
a Серия Научные исследования
225 Серия 1_
a Серия Всестороннее развитие человека в период детства
320 Библиография __
a Библиография Библиогр.: с. 22 (7 назв.)
330 Аннотация __
a Аннотация Цель исследования - огласить сущностную характеристику понятия "сознание" через формулировку его нового философского определения. В результате исследования сознание определяется как форма внетелесной части человека, практический инструмент, необходимый для мышления, творчества и взаимодействия с миром. Показана необходимость процессов воспитания, просвещения и образования для формирования жизнестойкости человека и его осознанного отношения к своей жизни. Автор предлагает новый взгляд на сознание, открывая путь к его применению в повседневной жизни человека.
333 Примечание о целевом назначении __
a Примечание о целевом назначении 0+
461 Уровень набора _0
1 2000
a Дошкольное воспитание
1 011
a 0012-561X
463 Уровень физической единицы _0
1 2000
a № 1
v С. 18-22
1 2101
d 2026
1 001UONB/MAIN/90fe6499ba09496fbb99bb4080cff8e6
517 Другие варианты заглавия 1_
a Другие варианты заглавия Воспитание, просвещение, образование
606 Тематические рубрики 0_
a Основная рубрика Образование. Педагогика
606 Тематические рубрики 0_
a Основная рубрика Общая педагогика
610 Ключевые слова 0_
a Ключевые слова сознание
610 Ключевые слова 0_
a Ключевые слова сущность сознания
610 Ключевые слова 0_
a Ключевые слова воспитание
610 Ключевые слова 0_
a Ключевые слова просвещение
610 Ключевые слова 0_
a Ключевые слова образование
610 Ключевые слова 0_
a Ключевые слова навыки
610 Ключевые слова 0_
a Ключевые слова психика
610 Ключевые слова 0_
a Ключевые слова философия образования
686 Индексы других классификаций __
2 Код системы rubbk
700 Автор _1
a Фамилия Цветкова
b Имя (инициалы) Т. В.
4 Код отношения 070
c Титул (звания) кандидат педагогических наук
c Титул (звания) основатель и руководитель издательства
g Полное личное имя Татьяна Владиславовна
p Наименование/ адрес организации Издательство "ТЦ Сфера" (г. Москва)
790 Имя лица - альтернативная форма _1
a Имя лица - альтернативная форма Tsvetkova
b Имя (инициалы) T. V.
4 Код отношения 070
801 Источник записи _0
a Страна RU
b Организация Ульяновская ОНБ
c Дата составления 20230614
g Правила каталогизации RCR
801 Источник записи _1
a Страна RU
b Организация Ульяновская ОНБ
c Дата составления 20230614
g Правила каталогизации RCR
901 Тип документа __
t Тип документа b
w Контрольный № источника UONB/MAIN/90fe6499ba09496fbb99bb4080cff8e6